| 000 | 00757cam a2200217 4500 | ||
|---|---|---|---|
| 001 | WB3707-09 | ||
| 008 | 000000n2001 000 0 eng u | ||
| 035 | _a(Sirsi) u110940 | ||
| 245 | _aInvestors' top buy | ||
| 260 | _c2001 | ||
| 490 |
_aIrish Times _v 14 February 2001, 4(2) |
||
| 520 | _aReport on the state of the UK investment market which continues to attract Irish and overseas investors with low interest rates and long leases. Highlights the favoured areas in London and the south east. | ||
| 590 | _aWB | ||
| 650 | _aINVESTMENT MARKET | ||
| 650 | _aLONDON | ||
| 650 | _aSOUTH EAST | ||
| 650 | _aFOREIGN INVESTMENT | ||
| 650 | _aEIRE | ||
| 690 | _aPROPERTY-COMMERCIAL PROPERTY-COMMERCIAL PROPERTY FINANCE AND INVESTMENT | ||
| 942 | _n0 | ||
| 999 |
_c66125 _d66125 |
||